| 000 | 00784nam a2200229Ia 4500 | ||
|---|---|---|---|
| 001 | 10256 | ||
| 003 | GE_BSU | ||
| 008 | 181216s||||||||xx |||||||||||||| ||und|| | ||
| 040 | _cGE_BSU | ||
| 080 | _a821.353.1–32 | ||
| 100 | _aსანადირაძე,გიორგი | ||
| 245 | _aქამელეონის სიკვდილი | ||
| 245 | _bმოთხრობები | ||
| 245 | _cრედ.თ.ბერიძე.მხატვ.ს.ცინცაძე | ||
| 260 | _aთბილისი | ||
| 260 | _bმერანი | ||
| 260 | _c1968 | ||
| 300 | _a195გვ.ფოტო გარეკანზე.16სმ. | ||
| 653 | _aმოთხრობები | ||
| 653 | _aქამელეონის სიკვდილი | ||
| 942 | _cBK | ||
| 999 |
_c43525 _d43525 |
||